000 00441nam a2200145Ia 4500
008 210716s9999 xx 000 0 und d
041 _aeng
082 _a658.802 MASO
100 _aMascarenhas, Oswald A J.
245 _aResponsible marketing: concepts theories models strategies and cases.
_bConcepts theories models strategies and cases.
250 _a1
260 _aTexas
_bRoval Publishing Co
300 _a591
650 _aMarketing
999 _c203032
_d203032